[Event "6th San Cristobal Open A"]
[Site "Tenerife"]
[Date "2024.08.25"]
[Round "3.4"]
[White "Ivanov, Mike"]
[Black "Ambartsumova, Karina"]
[Result "1/2-1/2"]
[Annotator "Mike Ivanov"]
[WhiteElo "2364"]
[BlackElo "2404"]
[WhiteFideId "-1"]
[BlackFideId "-1"]
[PlyCount "98"]
[GameId "2263746690853719"]
[EventDate "2024.??.??"]
[EventType "swiss"]
[EventRounds "9"]
[EventCountry "ESP"]
[SourceTitle "Chess Canada 25"]
[Source "JohnUpper?CFC"]
[SourceDate "2025.06.29"]
[SourceVersion "1"]
[SourceVersionDate "2026.07.01"]
[SourceQuality "1"]

{Going into this game, I was approaching the 2400 mark, and my thoughts were already skewed by results and possible outcomes. This is clearly seen in the last part of the game, where nerves played a decisive role.} 1. Nf3 Nf6 2. c4 {[#] One perk of a 1.f3 repertoire is the flexibilty with early move orders, making Benoni and Gruenfeld players uncomfortable. I usually play 2.g3 but this way I got to avoid symmetrical lines since Karina didn't play the symmetrical English.} e6 {Before playing ...e6, Karina stared at me as if to say, you're not supposed to do that! She clearly wasn't expecting this line to happen.} 3. g3 d5 4. Bg2 dxc4 5. Na3 $5 {[#] Another little surprise, counting on Black not knowing the line well. In a way it was a sort of bluff, as I'm hoping that Black believes me that taking the knight on a3 is scary for her. Karina spent over 15 minutes here, trying to decide what to do with this knight. Chess principles probably told her that taking was critical, but she seemed scared of my prep, as I was playing this for the first time. So she tried to play solidly, but this turned out to be simply passive.} (5. Qa4+ Nbd7 6. Qxc4 c5 {is What most people study and what I wanted to avoid.}) 5... c5 (5... Bxa3 6. bxa3 O-O 7. Bb2 Nbd7 8. Qc2 c5 9. O-O (9. Qxc4 $6 b5 $1 $15) 9... Qc7 10. Rab1 (10. a4 b6 $11) 10... Rb8 11. Qxc4 b5 12. Qc2 Bb7 $11) 6. Nxc4 Nc6 7. b3 Be7 8. Bb2 O-O 9. O-O {[#]} (9. d4 $5) 9... Bd7 $6 {This is already an inaccurate move order, as Black doesn't get to develop properly. Not that the position is easy to play anyways, as Black will have to walk through hoops while developing.} (9... Qc7 10. d4 Rd8 {A much better try for black.}) 10. d4 ({My first thought was} 10. Nfe5 {, but if Black gets control over d4, even the bishop pair shouldn't scare her much.} Qc7 11. Nxd7 Nxd7 12. Rc1 Rfd8 {Black is solid, with good chances of taking over the center entirely.}) 10... b5 $6 {Black lashes out, but only ends up with more weaknesses. In passive positions, drastic attempts at activity shouldn't work.} 11. Nce5 Rc8 {[#]} 12. Nxd7 {I get tempted by the bishop pair, which I wanted to take even on the last move. This gets an easy advantage to press, but dxc5 is more ambitious:} (12. dxc5 Bxc5 13. Rc1 Bb6 14. Qd6 $16) 12... Qxd7 (12... Nxd7 13. d5 exd5 14. Qxd5 {With a slight but steady edge.}) 13. Rc1 Rfd8 {[#]Once, GM Grischuk talked about terrorizing his opponents with draws. I get to terrorize Black with slighly better positions without much chance of losing.} 14. dxc5 {I happily go into the ensuing endgame: the b5 is weak, the bishop pair is about to come out, and Black has tactical problems with the back rank.} Qxd1 {Massive exchanges only help White here, but Black can't really avoid them.} (14... Bxc5 15. Qxd7 Nxd7 16. Rfd1 Be7 (16... Bb6 17. Ne1 $14) 17. Ne1 Nb6 18. Rxd8+ Nxd8 19. Rxc8 Nxc8 {Black seems to be hanging on by the hair of her chinny chin chin.}) 15. Rfxd1 Rxd1+ 16. Rxd1 Bxc5 17. Rc1 {The real problem for Black: too many pieces on the c-file to untangle, and the b-pawn might become collateral damage.} Nd7 {[#]Critical Position} 18. Nd4 {A natural move but it lets Black get away with "just" a missing pawn.  Something is rotten on the c-file, and White has a huge advantage after e1!} (18. Ne1 $142 $1 {is surprisingly strong. Black cannot unravel her pieces properly, with White clearing the bowling pins on the c-file while preparing to eat the weakened pawns.} Ne7 ({editor -} 18... b4 {stops White playing b4, but} 19. Bxc6 Rxc6 20. Nd3 {and d4 wins at least an exchange.}) 19. Nd3 Bd6 20. Rxc8+ Nxc8 21. Bc6 {editor - if the b5 pawn was back on b6 this would be only , now White goes up a pawn and keeps the B-pair, winning.} Nb8 22. Bxb5 a6 23. Bc4 Nb6 24. Be5 Nxc4 25. bxc4 Bxe5 26. Nxe5 f6 27. Nd3 $19 {With a technically winning endgame. The white king will come to a4/a5, and the black knight will be kicked out of guard-posts with trade threats.}) 18... Nxd4 (18... Ne7 19. Nxb5 $18) (18... Bxd4 19. Bxd4 Ndb8 20. Be5 $18) 19. Bxd4 b4 $1 {[#] For some reason, I missed this from afar. Thankfully, black's weakened back-rank nets us a pawn by force.} 20. Bb7 Rb8 (20... Rc7 21. Ba6 {The threat of b5 terrorizes black into giving up the a-pawn.}) 21. Bxc5 Rxb7 22. Bd6 h5 {[#]} 23. Rc4 {We want to provoke a5 first, so we can eat it later.} (23. Rc8+ Kh7 24. Rc7 Rxc7 25. Bxc7 Nf6 26. Bd6 Nd5 27. e4 Nc3 28. Bxb4 Nxe4 {This would also be pleasant, but didn't seem convincing from afar.}) 23... Nb6 (23... a5 24. Rc8+ Kh7 25. Rc7 $1 $18) 24. Rxb4 Rd7 25. Bc5 (25. Bb8 {was also interesting.} Rd1+ (25... Rb7 26. Bf4) 26. Kg2 Nd5 27. Ra4 Nc3 28. Rxa7) 25... Nd5 {[#] We reached a completely winning endgame. The black knight doesn't have stability, our bishop is strong, and the outside passer should decide. But these 2400s are stubborn and resourceful!} 26. Rd4 (26. Rb8+ Kh7 27. Ra8 Nb6 28. Bxb6 axb6 29. Rb8 Rd6 30. h4 $18 {Analysis Diagram [#] From far away I thought black still had chances to hold, but this is illusory. Black ends up in zugzwang sooner or later.} f6 31. Kg2 Kg6 32. Kf3 Rc6 33. Rb7 Kh6 34. Ke4 Kg6 35. a4 Rd6 36. e3 {No rush.} Kh6 37. b4 Kg6 38. b5 Kh6 39. Rc7 Rd8 40. Rc6 Ra8 41. Rxb6 ({editor - The game line illustrates Black's helplessness. White could go up two pawns with} 41. Rxe6 Rxa4+ 42. Kf3 {and xb6.}) 41... Rxa4+ 42. Kd3 e5 43. Rc6 Ra2 44. f3 {Analysis Diagram  [#] The white king is more active than usual for such endgames, and black's counterplay is miles away. The c6 rook does a good job of protecting the passer from the side. editor - True, but in this precis position c2 heading for b2 looks cleaner.} Kg6 45. b6 Rb2 46. Kc4 Kf7 47. Kc5 $18) 26... Rc7 27. Rc4 f5 28. Bd4 {The bishop wants to clamp down on the dark squares.} Rd7 29. e3 Ne7 30. h4 {Fixing the pawn structure, with an inkling of g2-f3-f4-e5 in the future.} Kf7 31. Kf1 g6 32. Ra4 {[#] A step in the wrong direction. White needs to keep the bishop on d4, the knight restrained, and the queenside pawns flexible. When satisfied, ensure the status quo remains.} Nc6 33. Ke2 $2 {One mistake deserves another. In some dream world, I was hoping that black trades the knight and we get a winning rook endgame. Yet this permits black to break their shackles and achieve piece activity.} (33. f4 {Maintains a stable hold over the position.} Nxd4 (33... Ke7 34. Bc5+ Kf7 35. Ra6 Rc7 36. b4 $18 {Black is completely paralyzed.}) (33... a5 34. Bc3 Rd1+ 35. Ke2 Rg1 36. Bxa5 Rxg3 37. Bc3 Rh3 38. b4 $18 {The white pawns are simply faster,}) 34. exd4 Rc7 35. Rc4 $18) 33... e5 34. Bc3 Ke6 35. Rc4 Kd5 36. f3 Rb7 37. e4+ Kd6 38. Ke3 a5 {[#]} 39. f4 {White consolidated a bit, and wants to break through black's wall to get to g6 someday.} exf4+ 40. Kxf4 fxe4 41. Rxe4 Rf7+ $5 {[#] Even though this move is losing objectively, it forces White to decide between two unclear moves in time pressure.} 42. Ke3 $2 {Around here, I had 3 minutes left. White is in risk-management mode, but should still play principled chess with g5. Now it becomes harder to break through.} (42. Kg5 Rf3 43. Be1 Ne5 {I calculated this far, but vastly overestimated Black's chances. The knight is annoying on e5 but not eternal.} 44. Kh6 $1 Ke6 (44... Kd5 45. Ra4) 45. Bxa5 Kf5 46. Rf4+ Rxf4 47. gxf4 Ng4+ 48. Kg7 {and white wins.}) 42... Rf5 43. Rf4 Rc5 44. Bb2 (44. Kd3 {is better to stop potential rook invasions and ...b4s} Rd5+ 45. Ke4 Rc5 46. Rf6+ Ke7 47. Rf3 Rb5 48. Kd3 Rc5 49. Rf4 Rb5 50. Kc4 {over time, white will squeeze black away from the 5th rank.}) 44... Kd5 {[#] Critical Position What should White do about ...c2?} 45. Ba3 $4 {a really awful move coming from a place of panic, throwing away any remaining advantage. Of course, it was based on fearing ...c2, and ...c3+ didn't even cross my mind. Such blunders are typical for time pressure, which doesn't make it feel any better.} (45. Rc4 Rxc4 (45... Rb5 46. Bc3 $18) 46. bxc4+ Kxc4 47. Kf4 $8 {This is apparently winning, but when you're feeling chances slip away before your eyes, your confidence is shot, and pessimism clouds simple evaluations.}) ({editor - White can actually ignore ...c2, but to know that you'd have to see all the way to the end of this line:} 45. Rf6 Rc2 46. Rf2 Rxf2 47. Kxf2 Nb4 {threatening ...d3+ and a2.} 48. Bc3 $8 Nxa2 49. Bxa5 $8 Nc1 50. b4 $8 $18) 45... Rc3+ (45... Rc2 46. Rc4 $2 (46. Rf6 $1 Rxa2 47. Bf8 $18 {not at all easy to judge that this is still winning.}) 46... Rxa2 $1 47. Rc5+ Kd6 48. Rxa5+ Ke6 $8 49. Rc5 Kd6 50. Rxh5+ Rxa3 51. Rb5 {Is only a fancy draw.}) 46. Kf2 Rc2+ 47. Ke3 Rxa2 48. Ra4 {[#] Realizing what a mess I made, it was fortunate that a4 keeps everything together.} Ra1 (48... Rg2 49. Kf4) 49. Kf4 Rb1 {And here Karina offered a draw which I accepted.} ({The game could have continued} 49... Rb1 50. Kg5 Rxb3 51. Kxg6 Rxg3+ 52. Kxh5 {, where black can sac the knight for my last pawn if needed.  . Both players left with feelings of disgust from this game: her for allowing this lost endgame to begin with, and me for not finding the plethora of winning chances in the endgame. On the bright side, I felt in control for the entire game against a higher-rated opponent, which gave me the confidence to play for the win in the next rounds.}) 1/2-1/2

[Event "6th San Cristobal Open A"]
[Site "Tenerife"]
[Date "2024.08.26"]
[Round "4.4"]
[White "Grieve, Harry"]
[Black "Ivanov, Mike"]
[Result "0-1"]
[Annotator "Mike Ivanov"]
[WhiteElo "2479"]
[BlackElo "2364"]
[WhiteFideId "-1"]
[BlackFideId "-1"]
[PlyCount "86"]
[GameId "2263746690558804"]
[EventDate "2024.??.??"]
[EventType "swiss"]
[EventRounds "9"]
[EventCountry "ESP"]
[SourceTitle "Chess Canada 25"]
[Source "JohnUpper?CFC"]
[SourceDate "2025.06.29"]
[SourceVersion "1"]
[SourceVersionDate "2026.07.01"]
[SourceQuality "1"]

{Going into this game, I noticed that my opponent played mainlines in 1.e4 without fail, going for principled variations where he was usually well prepared. This suited his agressive style of play, but also helped me in this game as I knew exactly what was going to happen till move 10.} 1. e4 e6 2. d4 d5 3. Nc3 Bb4 {Considering I needed 20 points around here, some risk was called for. So time to whip out the Winawer!} 4. e5 c5 5. a3 Bxc3+ 6. bxc3 Nc6 7. Qg4 g6 {My French of choice for the last 3 years. Played by Carlsen, Rapport, and other strong GMs, it takes away the poisoned pawn Winawer dynamics where White can rely on their passed h-pawn. Any advantage is positional due to White's dark-square domination, while Black's king is usually safe.} 8. h4 {[#]} Bd7 $5 {The sum of 6 months of work on this line. Instead of going for 8...h6 which is the mainline, we pull a conceptual switch allowing white to get h5 in.} ({I believe this is supposed to be the critical line:} 8... h6 9. h5 g5 10. f4 f5 11. Qg3 Qa5 12. Bd2 g4 13. dxc5 {, and although Carlsen made it work several times against Anand and Giri, I was less enthusiastic about my chances here with Harry.}) (8... Qa5 {I played this a week before the game with Harry, and I was hoping he would be expecting this, which isn't as good.} 9. Bd2 Qa4 10. Nf3 Bd7 11. Qf4 h6 12. dxc5 Qxc2 13. Nd4 Nxd4 14. cxd4 Qe4+ 15. Qxe4 dxe4 16. Rb1 Bc6 17. Bb5 Bxb5 18. Rxb5 O-O-O $11 {½-½ (58) Fizer,M (2262)-Ivanov,M (2364) Olomouc, Czech Republic, 2024.}) 9. h5 Qa5 $146 10. Bd2 O-O-O {[#]} 11. hxg6 $6 {Arguably a mistake already. It makes more sense to keep the tension, and the pawn might be better off on h6 for white. Now my rooks gladly get into the game.} ({White should consider somthing else:} 11. a4 $5 {or}) (11. Nf3 Rf8 12. Bd3 Nge7 13. h6 c4 14. Be2 f6 $14 {Leads to interesting play which I hope other French lovers will get to try out.}) 11... fxg6 12. a4 Rf8 {[#] In my notes, I had this position with pawns on h5 and f7. This could only be a better version, so I was already in punishment mode!} 13. f4 $6 {Rarely is f4 a good move in the Winawer. Too many weak light squares, and too many lagging pieces!} Nge7 (13... cxd4 14. cxd4 Qb6 15. c3 Qb2 16. Rd1 (16. Qd1 $1) 16... Na5 {For a long time I seriously considered going for this, being greedy and going for his a-pawn. But then I wisely decided that pawns mattered a lot less than initiative at this point.}) 14. dxc5 g5 $1 {[#] White has blemished his position with too many pawn moves, so it's my job to blow it open while their army's sleeping!} 15. Qxg5 ({Allowing black to take the center seems blasphemous, but it may be their best chance:} 15. fxg5 Nxe5 16. Qb4 Qc7 (16... Qxb4 17. cxb4 $14) 17. O-O-O {Weirdly enough, white is fine. It seems like knights are worse at punishing lack of development than bishops in such positions.}) 15... Rhg8 16. Qh5 ({I was expecting} 16. Qh6 {, which also looks fun.} Nf5 17. Qxh7 (17. Qh3 Ng3 18. Rh2 Rxf4 19. Bxf4 Qxc3+ $19) 17... Ng3 18. Rh3 Nxf1 19. Kxf1 Nxe5 20. Re1 Nc4 $17) {[#]} 16... Rxf4 $1 {Exclam for consistency. Black has no time to dilly-dally.} 17. Bxf4 Qxc3+ 18. Kf2 Qxa1 19. Bd3 {[#]} Qxa4 {Here I slowly realized that the winning plan was not just to attack the king. We want to steal all the weak pawns, while trying to cancel out their bishops, get our knights stable, and keep them passive thanks to their king.} (19... Qd4+ 20. Be3 Qxe5 21. Qxe5 Nxe5 {Even good versions of Winawer endgames are not that good, and I wasn't confident about my ability to win this.}) 20. Ne2 Qb4 21. Bxh7 Qxc5+ 22. Kf3 {Sad, but in losing positions all moves are losing.} (22. Kf1 Rf8 23. Qh6 Rf7 $17) 22... Rf8 23. Qg5 {[#]} Nf5 (23... d4 $1 {is also very strong, as ...d5 is coming, e5 is weak, and the light squares are accented}) (23... Nd4+ $2 24. Nxd4 Qxd4 25. g3 {Thankfully I didn't go for this, after realizing that trading is in their favour.}) 24. Bxf5 Rxf5 25. Qg7 {[#] Up to here my play was natural and easy, I knew that I must be close to winning. Here however, ghosts creeped at the corners of my variations, especially as time trouble approached. In my life, I have messed up enough of these "no-brainers" to know this would take utmost precision.} Qxc2 {Maybe the move I'm most proud of, even if it's just taking a free pawn. We ignore all their ghosts on the back rank, and focus on preparing our attack with ...e4. c1 is impossible at the moment, and our d4 pawn is putting on its running shoes.} 26. Rh8+ (26. Rh7 Nxe5+ 27. Kg3 Qxe2 28. Rh8+ Kc7 {It's important to remember that the white rook can't be on h7 and h8 at the same time, otherwise I would be in big trouble!}) 26... Kc7 27. g3 Qe4+ 28. Kf2 {[#]} Nxe5 {Another move that took some nerves to dish out, especially since it took most of my remaining time. After analyzing with engines for a long time, I learned that in sharp positions with both sides attacking, captures are usually critical even if scary.} (28... Nd4 29. Nxd4 Qxd4+ 30. Kg2 $13 {the computer assures us it's winning, but that's not obvious OTB.}) (28... d4 {This is what I wanted to play but to my horror, the lines weren't holding up. So I had to make ...xe5 work, or else...} 29. Rh7 Qd5 (29... Nxe5 30. Qxd7+) 30. g4 $1 d3 {In for a penny, in for a pound.} 31. gxf5 dxe2 32. fxe6 e1=Q+ 33. Kxe1 Qe4+ 34. Kd1 Qf3+ 35. Ke1 (35. Kc2 Nb4+ $1 36. Kd2 $8 Qxf4+ 37. Ke1 $8 $11) 35... Qe4+ 36. Kf2 Qxf4+ 37. Kg2 Qe4+ 38. Kg3 Qe3+ 39. Kh2 Qxe5+ 40. Qxe5+ Nxe5 41. exd7 Nxd7 {White may suffer, but should be a draw. How much of this did I see? Only that g4 looked scary.}) 29. Rf8 Rh5 {You can see the effect of fear and nerves at this point, as I was just looking for moves that don't lose.} 30. Rh8 Rf5 {Always repeat when you can!} 31. Rf8 Rxf8 {[#] Finally I convinced myself that the pin wasn't fatal, and avoiding the rook trade was the only way forward.} 32. Qxf8 Kc6 $1 33. Bxe5 {I felt this was a mistake, since it kills the tension and allows me to calm down and regroup. Of course, everything else also loses.} (33. Kf1 Qf3+ 34. Ke1 Qh1+ 35. Kd2 Nc4+ 36. Kc3 Qf3+ 37. Kc2 Qxe2+ $19) 33... Qxe5 34. Qb4 Qd6 35. Nd4+ Kc7 36. Qc3+ Kb8 {[#] The king finds refuge and the rest is pretty trivial technique. Nonetheless, we were both physically shaking till the end.} 37. g4 {Here, my job is to find the most forcing win possible. All kinds of miracles can still happen, most of which I'd like to avoid.} Qh2+ (37... Qf4+ 38. Nf3 Qxg4 39. Qe5+ Kc8 {This wins, but not how you want to convert!} 40. Qh8+ Kc7 41. Qe5+ Kb6 42. Qd6+ Bc6 43. Qd8+ Ka6 $19) 38. Kf1 Qf4+ 39. Nf3 d4 40. Qa3 Bc6 41. Kf2 Qxf3+ {Time to liquidate.} 42. Qxf3 Bxf3 43. Kxf3 Kc7 {White resigns.  Overall, this is one of the better efforts from this tournament, and I'm happy that all stages went well. In the opening, I was able to use months of preparation, in the middlegame, I chose the right plan with ...g5 and combining initiative with pawn grabbing. And in the endgame, I didn't chicken out from critical variations even when they looked scary. A year before, this game would have gone much differently.  editor - readers who are interested in learning the French repertorie that helped him to his IM title -- including this surprsing and sound ...g6 line in the Winawer -- can find it in Mike's "Ferocious French" course on chessflow.org: https://www.chessflow.org/store} 0-1